| 000 | 00690nam a2200193Ia 4500 | ||
|---|---|---|---|
| 008 | 151119s9999||||xx |||||||||||||| ||und|| | ||
| 082 | _bGKKV33503 | ||
| 100 | _a"अग्रवाल, विजय" | ||
| 245 | _aयोग्य निर्णय कसे घ्यावे | ||
| 260 | _aपुणे | ||
| 260 | _bमिरर पब्लिशिंग | ||
| 260 | _c2013 | ||
| 300 | _a172p. | ||
| 600 | _a"अग्रवाल, विजय" | ||
| 630 | _aयोग्य निर्णय कसे घ्यावे | ||
| 700 | _a"अग्रवाल, विजय" | ||
| 730 | _aयोग्य निर्णय कसे घ्यावे | ||
| 942 | _cBOOK | ||
| 999 |
_c1085798 _d1085795 |
||